Guess Alpine countries' highest peaks - Statistics

General Stats
  • This quiz has been taken 10 times
  • The average score is 7 of 8
Answer Stats
Question Answer % Correct
Switzerland Dufourspitze
100%
Austria Großglockner
100%
France Mont Blanc
100%
Italy Mont Blanc
100%
Slovenia Triglav
100%
Germany Zugspitze
100%
Monaco Chemin des Révoires
50%
Liechtenstein Grauspitz
0%
No matching quizzes found
Score Distribution
Percent of People with Each Score
Percentile by Number Answered
Your Score History
You have not taken this quiz